Band galī : (Record no. 329539)

000 -LEADER
fixed length control field 00788cam a22002777a 4500
001 - CONTROL NUMBER
control field 4468058
003 - CONTROL NUMBER IDENTIFIER
control field NUST
005 - DATE AND TIME OF LATEST TRANSACTION
control field 20170615130532.0
008 - FIXED-LENGTH DATA ELEMENTS--GENERAL INFORMATION
fixed length control field 950901s1995 pk 000 0 urdo
010 ## - LIBRARY OF CONGRESS CONTROL NUMBER
LC control number 95930253
020 ## - INTERNATIONAL STANDARD BOOK NUMBER
International Standard Book Number 9789693505566
025 ## - OVERSEAS ACQUISITION NUMBER
Overseas acquisition number P-U-031553
040 ## - CATALOGING SOURCE
Original cataloging agency DLC
Transcribing agency DLC
Modifying agency DLC
042 ## - AUTHENTICATION CODE
Authentication code lcode
050 00 - LIBRARY OF CONGRESS CALL NUMBER
Classification number MLCSA 94/01674 (P)
082 ## - DEWEY DECIMAL CLASSIFICATION NUMBER
Classification number 891.4393
Author Mark AHM
100 0# - MAIN ENTRY--PERSONAL NAME
Personal name Ashfāq Aḥmad,
Dates associated with a name 1925-2004.
9 (RLIN) 639
245 10 - TITLE STATEMENT
Title Band galī :
Remainder of title ḍrāme /
Statement of responsibility, etc. Ashfāq Aḥmad.
260 ## - PUBLICATION, DISTRIBUTION, ETC.
Place of publication, distribution, etc. Lāhore :
Date of publication, distribution, etc. 1995.
Name of publisher, distributor, etc. Sang-i Mīl Pablīkeshanz,
300 ## - PHYSICAL DESCRIPTION
Extent 536 p. ;
Dimensions 22 cm.
500 ## - GENERAL NOTE
General note Plays.
500 ## - GENERAL NOTE
General note In Urdu.
500 ## - GENERAL NOTE
General note P. 533-536 blank.
880 ## - ALTERNATE GRAPHIC REPRESENTATION
Linkage 100-01\(3\
Title اشفاق احمد
880 ## - ALTERNATE GRAPHIC REPRESENTATION
Linkage 245-02\(3\r
Title بند گلی
b ڈرامے
c اشفاق احمد
880 ## - ALTERNATE GRAPHIC REPRESENTATION
Linkage 260-03\(3\r
Title لاہور:
b سنگ میل پبلی کیشنز،
c 2009
906 ## - LOCAL DATA ELEMENT F, LDF (RLIN)
a 7
b cbc
c origode
d u
e ncip
f 19
g y-gencatlg
942 ## - ADDED ENTRY ELEMENTS (KOHA)
Source of classification or shelving scheme
Koha item type Book
Holdings
Withdrawn status Lost status Source of classification or shelving scheme Damaged status Not for loan Permanent Location Current Location Shelving location Date acquired Total Checkouts Total Renewals Full call number Barcode Date last seen Date last checked out Copy number Price effective from Koha item type
          Central Library (CL) Central Library (CL) Fiction 05/12/2017 7 3 891.4393 AHM CL1787/1 09/21/2021 04/17/2020 1 05/12/2017 Book
© 2023 Central Library, National University of Sciences and Technology. All Rights Reserved.